LEADER 02080nam0 22004573i 450 001 VAN0169910 005 20230614033345.903 017 70$2N$a9783319218915 100 $a20210701d2016 |0itac50 ba 101 $aeng 102 $aCH 105 $a|||| ||||| 200 1 $aQuantum Information Processing with Finite Resources$eMathematical Foundations$fMarco Tomamichel 210 $aCham$cSpringer$d2016 215 $aix, 138 p.$cill.$d24 cm 410 1$1001VAN0104274$12001 $aSpringerBriefs in Mathematical Physics$1210 $aBerlin [etc.]$cSpringer$v5 500 1$3VAN0169918$aQuantum Information Processing with Finite Resources : Mathematical Foundations$91813362 606 $a81-XX$xQuantum theory [MSC 2020]$3VANC019967$2MF 606 $a94A17$xMeasures of information, entropy [MSC 2020]$3VANC021212$2MF 606 $a81P45$xQuantum information, communication, networks (quantum-theoretic aspects) [MSC 2020]$3VANC030931$2MF 610 $aEntanglement$9KW:K 610 $aInformation Processing$9KW:K 610 $aQuantum Computer$9KW:K 610 $aQuantum Cryptography$9KW:K 610 $aQuantum Devices$9KW:K 610 $aQuantum Shannon Theory$9KW:K 610 $aQuantum channels$9KW:K 610 $aRenyi Divergence$9KW:K 610 $aRenyi Entropy$9KW:K 610 $aSmooth Entropy$9KW:K 620 $aCH$dCham$3VANL001889 700 1$aTomamichel$bMarco$3VANV153605$0810010 712 $aSpringer $3VANV108073$4650 801 $aIT$bSOL$c20240614$gRICA 856 4 $uhttp://doi.org/10.1007/978-3-319-21891-5$zE-book ? Accesso al full-text attraverso riconoscimento IP di Ateneo, proxy e/o Shibboleth 899 $aBIBLIOTECA DEL DIPARTIMENTO DI MATEMATICA E FISICA$1IT-CE0120$2VAN08 912 $fN 912 $aVAN0169910 950 $aBIBLIOTECA DEL DIPARTIMENTO DI MATEMATICA E FISICA$d08CONS e-book 2832 $e08eMF2832 20210701 996 $aQuantum Information Processing with Finite Resources : Mathematical Foundations$91813362 997 $aUNICAMPANIA LEADER 02208nam0 2200457 i 450 001 VAN0113419 005 20230705104817.403 017 70$2N$a9783319162386 100 $a20180109d2015 |0itac50 ba 101 $aeng 102 $aCH 105 $a|||| ||||| 200 1 $aBayesian statistics from methods to models and applications$eresearch from BAYSM 2014$fSylvia Frühwirth-Schnatter ... [et al.] editors 210 $a[Cham]$cSpringer$d2015 215 $aXIII, 167 p.$cill.$d24 cm 410 1$1001VAN0102574$12001 $aSpringer proceedings in mathematics & statistics$1210 $aBerlin [etc.]$cSpringer$v126 500 1$3VAN0234919$aBayesian statistics from methods to models and applications : research from BAYSM 2014$91522591 606 $a62-XX$xStatistics [MSC 2020]$3VANC022998$2MF 606 $a62F15$xBayesian inference [MSC 2020]$3VANC024528$2MF 606 $a62C10$xBayesian problems; characterization of Bayes procedures [MSC 2020]$3VANC028328$2MF 610 $aApplied bayesian statistics$9KW:K 610 $aBayesian Statistics$9KW:K 610 $aBayesian estimation$9KW:K 610 $aBayesian statistics applications$9KW:K 610 $aBayesian survival model$9KW:K 610 $aComputational bayesian statistics$9KW:K 610 $aDecision sciences$9KW:K 610 $aStochastic processes$9KW:K 610 $aTheoretical bayesian statistics$9KW:K 620 $aCH$dCham$3VANL001889 702 1$aFrühwirth-Schnatter$bSylvia$3VANV087531 712 12$aBayesian Young Statisticians Meeting$d2.$f2014$eVienna$3VANV087532 712 $aSpringer $3VANV108073$4650 801 $aIT$bSOL$c20240614$gRICA 856 4 $uhttp://dx.doi.org/10.1007/978-3-319-16238-6$zE-book ? Accesso al full-text attraverso riconoscimento IP di Ateneo, proxy e/o Shibboleth 899 $aBIBLIOTECA DEL DIPARTIMENTO DI MATEMATICA E FISICA$1IT-CE0120$2VAN08 912 $fN 912 $aVAN0113419 950 $aBIBLIOTECA DEL DIPARTIMENTO DI MATEMATICA E FISICA$d08CONS e-book 0118 $e08eMF118 20180109 996 $aBayesian statistics from methods to models and applications$91522591 997 $aUNICAMPANIA